| 000 | 00509cam a2200205ua 4500 | ||
|---|---|---|---|
| 020 | _c5.00 | ||
| 041 |
_aeng _h |
||
| 082 |
_a631.5 _bPOT/PA |
||
| 100 | _aPotti, V S S . | ||
| 245 |
_aPackage of practices recommendations / _cV S S Potti. _hTextual Documents |
||
| 250 |
_a1 / _b. |
||
| 260 |
_aThrissur : _bKerala Agricultural University , _c1981. |
||
| 300 | _a171 ; . | ||
| 365 | _a5.00 | ||
| 504 | _a | ||
| 942 | _cBK | ||
| 999 |
_c6874 _d6874 |
||